000 00486nam a2200169Ia 4500
999 _c22261
_d22261
003 OSt
005 20200319124238.0
008 190216s9999||||xx |||||||||||||| ||und||
040 _coclc
082 _a297
_bHAS/I
100 _aHassankutty, Arakkal
_92084
245 0 _aIhalokavum Paralokavum /
_cArakkal Hassankutty
260 _bAmina Book Stall,
_c1992.
_aThrissur:
300 _a315p
650 _aIslamic History
942 _cBK
_2ddc
_h297
_iHAS/I
_k297
_mHAS/I